00659nam a2200181 i 450000100060000000300090000600500170001500700030003200800410003510000350007624500840011126000500019530000290024570000320027485200320030699900170033895201220035547277ES-MaACL20230906161531.0t|030404s1964 xxu ||||1| eng d1 aCooper, James Fenimore.94039014aThe prairie / cJames Fenimore Cooper ; with an afterword by John William Ward. a[New York] : bNew American Library, c[1964] aVII, 8-416 p. ; c18 cm.1 aWard, John William.9116080 aES-MaACLjC-36206 bR.66132 c47277d47277 00104070aATENEOMbATENEOMcDEPO2d2008-01-17eSCl0oC-36206p1049723r2023-02-23 00:00:00w2023-02-23yMONOGRAFIA